Le 10 città d'Italia più grandi per estensione - Statistics

Statistiche generali
  • Questo quiz è stato fatto 79 volte
  • Il punteggio medio è 3 su 10
Statistiche sulle risposte
Superficie Città % Corretto
1 287,24 Km2 Roma
100%
509,25 Km2 Foggia
33%
653,81 Km2 Ravenna
29%
547,03 Km2 Sassari
22%
473,53 Km2 Grosseto
20%
473,91 Km2 L'Aquila
19%
593,92 Km2 Cerignola
12%
525,77 Km2 Gubbio
7%
554,98 Km2 Noto
7%
530,18 Km2 Monreale
6%
Nessun quiz corrispondente trovato
Distribuzione punteggi
Percentuale di utenti per punteggio
Percentile per numero di risposta
I tuoi punteggi nel tempo
Non hai fatto questo quiz